000 00234nam a2200121Ia 4500
100 _aNone
942 _cBK
654 _aelectronic
245 _aElectronic problems
260 _bnone
082 _a621.381
_bELE
546 _aENGLISH
999 _c21114
_d21114